| 000 | 00836aam a2200289a 44500 | ||
|---|---|---|---|
| 008 | 941129s1994 eng | ||
| 041 | _aeng | ||
| 041 | _bcat | ||
| 080 | _a355(038) | ||
| 110 |
_aTelevisió de Catalunya. Servei Lingüístic _962911 |
||
| 245 |
_aVocabulari militar anglès-català _cTelevisió de Catalunya. Servei Lingüístic (ed.) |
||
| 260 |
_aSant Joan Despí _bTelevisió de Catalunya _c1994 |
||
| 300 |
_a10 p. _c28 cm |
||
| 500 | _aBibliografia | ||
| 520 | _aaprox. 210 | ||
| 591 | _a4414 | ||
| 592 | _aObra terminològica | ||
| 593 | _aMN | ||
| 594 | _a4414 | ||
| 650 |
_adefensa _960800 |
||
| 856 | _uhttps://esadir.cat/traduccio/annexvocabularimilitar | ||
| 901 | _c<1994> | ||
| 902 | _a941129 | ||
| 942 |
_cMO _n0 _2ddc |
||
| 999 |
_c52378 _d52378 |
||